Normal view
MARC view
- شكري،حجي إعداد/لجنة الدراسات والأبحاث في دار الجذور
Entry Personal Name
001 - CONTROL NUMBER
- control field: 34509
003 - CONTROL NUMBER IDENTIFIER
- control field: JO-AjAnu
005 - DATE AND TIME OF LATEST TRANSACTION
- control field: 20230606075800.0
008 - FIXED-LENGTH DATA ELEMENTS
- fixed length control field: 230606|| aca||aabn | a|a d
040 ## - CATALOGING SOURCE
- Original cataloging agency: JO-AjAnu
- Transcribing agency: JO-AjAnu
100 ## - HEADING--PERSONAL NAME
- Personal name: شكري،حجي إعداد/لجنة الدراسات والأبحاث في دار الجذور
670 ## - SOURCE DATA FOUND
- Source citation: Work cat.: (JO-AjAnu)17725: شكري،حجي إعداد/لجنة الدراسات والأبحاث في دار الجذور, author, الإمتحان الشامل لكليات المجتمع:نماذج الأسئلة ، الورقة الأولى لجميع التخصصات